[Event "Dzerzhinsk Samarina Memorial"]
[Site "Dzerzhinsk"]
[Date "2015.12.19"]
[Round "8"]
[White "Urakov, Alexey"]
[Black "Shirokov, Yury"]
[Result "1-0"]
[WhiteElo "1845"]
[BlackElo "1859"]
[PlyCount "63"]
[EventDate "2015.12.03"]
[EventType "swiss"]
[EventRounds "9"]
[EventCountry "RUS"]
[SourceTitle "EXT 2022"]
[Source "ChessBase"]
[SourceDate "2021.10.06"]
[SourceVersion "1"]
[SourceVersionDate "2021.10.06"]
[SourceQuality "1"]

1. d4 Nf6 2. c4 e6 3. Nc3 Be7 4. e4 d6 5. Nf3 Nc6 6. d5 Ne5 7. Nxe5 dxe5 8. Bd3 0-0 9. Be3 exd5 10. exd5 Ng4 11. 0-0 Nxe3 12. fxe3 Bc5 13. Qh5 Bxe3+ 14. Kh1 f5 15. Bxf5 g6 16. Be6+ Bxe6 17. Qxe5 Rxf1+ 18. Rxf1 Bf5 19. Qxe3 Qh4 20. Rf4 Qg5 21. g4 Bxg4 22. Rf8+ Rxf8 23. Qxg5 Bh3 24. Ne2 Rf1+ 25. Ng1 Bf5 26. Qd8+ Kg7 27. Qxc7+ Kh6 28. Kg2 Bd3 29. d6 Rf5 30. d7 Be4+ 31. Kg3 Rf1 32. Qf4+ 1-0

[Event "Dzerzhinsk Samarina Memorial"]
[Site "Dzerzhinsk"]
[Date "2015.12.10"]
[Round "4"]
[White "Urakov, Alexey"]
[Black "Rjabyh, Ilja"]
[Result "1-0"]
[WhiteElo "1845"]
[BlackElo "1715"]
[PlyCount "71"]
[EventDate "2015.12.03"]
[EventType "swiss"]
[EventRounds "9"]
[EventCountry "RUS"]
[SourceTitle "EXT 2022"]
[Source "ChessBase"]
[SourceDate "2021.10.06"]
[SourceVersion "1"]
[SourceVersionDate "2021.10.06"]
[SourceQuality "1"]

1. d4 Nf6 2. Nf3 g6 3. c4 Bg7 4. Nc3 0-0 5. e4 d6 6. g3 e5 7. Bg2 Nbd7 8. d5 Nc5 9. Qc2 c6 10. 0-0 cxd5 11. cxd5 a6 12. Be3 Qc7 13. Rac1 Ncd7 14. Qb3 Qd8 15. Qa3 Re8 16. Nd2 b5 17. Nxb5 Rb8 18. Nc7 Re7 19. Rc6 Bb7 20. Nxa6 Bxc6 21. Nxb8 Nxb8 22. dxc6 Nxc6 23. Nc4 Rd7 24. Bh3 Re7 25. Qxd6 Qxd6 26. Nxd6 Rc7 27. Rc1 Bf8 28. Bb6 Bxd6 29. Bxc7 Nd4 30. Bf1 Nxe4 31. Bxd6 Nxd6 32. a4 Nb3 33. Rc3 Nd4 34. a5 N6b5 35. Bxb5 Nxb5 36. Rc5 1-0

[Event "Dzerzhinsk Samarina Memorial"]
[Site "Dzerzhinsk"]
[Date "2015.12.08"]
[Round "3"]
[White "Bedertdinov, Rinat"]
[Black "Urakov, Alexey"]
[Result "1-0"]
[WhiteElo "1913"]
[BlackElo "1845"]
[PlyCount "39"]
[EventDate "2015.12.03"]
[EventType "swiss"]
[EventRounds "9"]
[EventCountry "RUS"]
[SourceTitle "EXT 2022"]
[Source "ChessBase"]
[SourceDate "2021.10.06"]
[SourceVersion "1"]
[SourceVersionDate "2021.10.06"]
[SourceQuality "1"]

1. Nf3 Nc6 2. d4 d5 3. c4 e6 4. Nc3 Nf6 5. Bf4 Bb4 6. a3 Bxc3+ 7. bxc3 0-0 8. e3 a6 9. a4 Na5 10. c5 b6 11. cxb6 cxb6 12. Bg5 Qc7 13. Rc1 Ne4 14. Bf4 Qe7 15. Bd3 Nd6 16. Bxh7+ Kh8 17. h4 f6 18. Bxd6 Qxd6 19. Bg6 e5 20. Nxe5 1-0

[Event "Dzerzhinsk Vavilov Memorial 7th"]
[Site "Dzerzhinsk"]
[Date "2015.04.11"]
[Round "9"]
[White "Gvozdev, Maxim"]
[Black "Urakov, Alexey"]
[Result "0-1"]
[WhiteElo "1722"]
[BlackElo "1793"]
[PlyCount "78"]
[EventDate "2015.04.02"]
[EventType "swiss"]
[EventRounds "9"]
[EventCountry "RUS"]
[SourceTitle "CBM 166 Extra"]
[Source "ChessBase"]
[SourceDate "2015.06.18"]
[SourceVersion "1"]
[SourceVersionDate "2015.06.18"]
[SourceQuality "1"]

1. e4 c5 2. Nf3 Nc6 3. d3 g6 4. g3 Bg7 5. Bg2 d6 6. 0-0 Nf6 7. Nbd2 0-0 8. c3 Qb6 9. Nc4 Qc7 10. a4 Be6 11. Ne3 Rad8 12. Ng5 Bc8 13. f4 h6 14. Nf3 Ng4 15. Qe2 Nxe3 16. Bxe3 e6 17. Nh4 Ne7 18. Bh3 d5 19. f5 exf5 20. exf5 g5 21. Nf3 Bxf5 22. Nxg5 Qc8 23. Bxf5 Nxf5 24. Rxf5 Qxf5 25. Rf1 Qg6 26. Nf3 Rfe8 27. Qd2 d4 28. cxd4 c4 29. dxc4 Qe4 30. Bxh6 Bxd4+ 31. Nxd4 Qxd4+ 32. Qxd4 Rxd4 33. b3 Re2 34. Rf4 Rd1+ 35. Rf1 Rxf1+ 36. Kxf1 Rxh2 37. Bf4 Rb2 38. Bb8 a6 39. a5 Rxb3 0-1